Patron Saints - Statistics

General Stats
  • This quiz has been taken 80 times
  • The average score is 9 of 15
Answer Stats
Patronages Patron Saint % Correct
Popes, Rome St. Peter
94%
Engineers, Ireland St. Patrick
87%
Knights, England St. George
80%
Fishermen, Greece St. Andrew
67%
Soldiers, France St. Joan of Arc
66%
Carpenters, Belgium St. Joseph
64%
Lost Causes, Armenia St. Jude
63%
Missionaries, China St. Francis Xavier
57%
Architects, India St. Thomas
53%
Tanners, Anatolia St. John
50%
Police Officers, Israel St. Michael the Archangel
50%
Children, Russia St. Nicholas
43%
Mothers, Canada St. Anne
41%
Astronomers, Dominican Republic St. Dominic
33%
Postal Workers, Portugal St. Gabriel the Archangel
23%
No matching quizzes found
Score Distribution
Percent of People with Each Score
Percentile by Number Answered
Your Score History
You have not taken this quiz